A mom's legacy : (Record no. 4415)

MARC details
000 -LEADER
fixed length control field 01077cam a22002894a 4500
001 - CONTROL NUMBER
control field 4522896
003 - CONTROL NUMBER IDENTIFIER
control field GBCCL
005 - DATE AND TIME OF LATEST TRANSACTION
control field 20241126110518.0
008 - FIXED-LENGTH DATA ELEMENTS--GENERAL INFORMATION
fixed length control field 990623s1999 cau b 000 0 eng
010 ## -
-- 99037843
020 ## - INTERNATIONAL STANDARD BOOK NUMBER
International Standard Book Number 0830723862 (hc)
040 ## - CATALOGING SOURCE
Original cataloging agency DLC
Transcribing agency DLC
Modifying agency DLC
042 ## -
-- pcc
050 00 -
-- BV4529.18
-- .W55 1999
082 00 - DEWEY DECIMAL CLASSIFICATION NUMBER
Classification number 248.8431
Edition information 21
Item number WIL
100 1# - MAIN ENTRY--PERSONAL NAME
Personal name Wilson, Deena Lee,
Dates associated with a name 1955-
9 (RLIN) 8278
245 12 - TITLE STATEMENT
Title A mom's legacy :
Remainder of title five simple ways to say yes to what counts forever /
Statement of responsibility, etc. Deena Lee Wilson.
260 ## - PUBLICATION, DISTRIBUTION, ETC.
Place of publication, distribution, etc. Ventura, Calif. :
Name of publisher, distributor, etc. Regal Books,
Date of publication, distribution, etc. c1999.
300 ## - PHYSICAL DESCRIPTION
Extent 176 p. ;
Dimensions 19 cm.
504 ## - BIBLIOGRAPHY, ETC. NOTE
Bibliography, etc. note Includes bibliographical references (p. 175-176).
600 10 - SUBJECT ADDED ENTRY--PERSONAL NAME
Personal name Wilson, Deena Lee,
Dates associated with a name 1955-
9 (RLIN) 8278
650 #0 - SUBJECT ADDED ENTRY--TOPICAL TERM
Topical term or geographic name entry element Mothers
General subdivision Religious life.
9 (RLIN) 5894
650 #0 - SUBJECT ADDED ENTRY--TOPICAL TERM
Topical term or geographic name entry element Motherhood
General subdivision Religious aspects
-- Christianity.
9 (RLIN) 4340
906 ## - LOCAL DATA ELEMENT F, LDF (RLIN)
a 7
b cbc
c orignew
d 1
e ocip
f 19
g y-gencatlg
942 ## - ADDED ENTRY ELEMENTS (KOHA)
Source of classification or shelving scheme Dewey Decimal Classification
Koha item type Books
Koha issues (borrowed), all copies 1
Holdings
Withdrawn status Lost status Source of classification or shelving scheme Damaged status Not for loan Home library Current Library Shelving location Date acquired Total checkouts Full call number Barcode Date last seen Copy number Price effective from Koha item type Date last checked out
    Dewey Decimal Classification     GRACE BIBLE COLLEGE GRACE BIBLE COLLEGE Ministry & Mission 2018-01-22   248.8431 WIL 011291 2025-05-01 c.2 2018-01-22 Books  
    Dewey Decimal Classification     GRACE BIBLE COLLEGE GRACE BIBLE COLLEGE Ministry & Mission 2018-01-22   248.8431 WIL 011606 2025-05-01 c.8 2018-01-22 Books  
    Dewey Decimal Classification     GRACE BIBLE COLLEGE GRACE BIBLE COLLEGE Ministry & Mission 2018-01-22   248.8431 WIL 011603 2025-05-01 c.5 2018-01-22 Books  
    Dewey Decimal Classification     GRACE BIBLE COLLEGE GRACE BIBLE COLLEGE Ministry & Mission 2018-01-22   248.8431 WIL 011605 2025-05-01 c.7 2018-01-22 Books  
    Dewey Decimal Classification     GRACE BIBLE COLLEGE GRACE BIBLE COLLEGE Ministry & Mission 2018-01-22   248.8431 WIL 011604 2025-05-01 c.6 2018-01-22 Books  
    Dewey Decimal Classification     GRACE BIBLE COLLEGE GRACE BIBLE COLLEGE Ministry & Mission 2018-02-06   248.8431 WIL 011295 2025-05-01 c.3 2018-02-06 Books  
    Dewey Decimal Classification     GRACE BIBLE COLLEGE GRACE BIBLE COLLEGE Ministry & Mission 2018-02-06   248.8431 WIL 011296 2025-05-01 c.4 2018-02-06 Books  
    Dewey Decimal Classification     GRACE BIBLE COLLEGE GRACE BIBLE COLLEGE Ministry & Mission 2018-02-06   248.8431 WIL 011662 2025-05-01 c.9 2018-02-06 Books  
    Dewey Decimal Classification     GRACE BIBLE COLLEGE GRACE BIBLE COLLEGE Ministry & Mission 2018-02-06   248.8431 WIL 011663 2025-05-01 c.10 2018-02-06 Books  
    Dewey Decimal Classification     GRACE BIBLE COLLEGE GRACE BIBLE COLLEGE Ministry & Mission 2018-02-06   248.8431 WIL 011717 2025-05-01 c.11 2018-02-06 Books  
    Dewey Decimal Classification     GRACE BIBLE COLLEGE GRACE BIBLE COLLEGE Ministry & Mission 2018-02-06 1 248.8431 WIL 010170 2025-05-01 c.1 2018-02-06 Books 2022-09-02
© Grace Bible College Library 2025